000 01308nam a22002297a 4500
999 _c61360
_d61360
003 Ge_BSU
005 20240222174232.0
008 240222s2004 ge ||||| |||| 00| 0 geo d
020 _a9994076973
041 _ageo
080 _a821.111(73)-1 ა-57
245 _aამერიკელი პოეტები /
_cედგარ ალან პო, ედგარ ლი მასტერსი, კარლ სენდბერგი და სხვ.; ინგლისურიდან თარგმნა შოთა იათაშვილმა; [რედ.: გივი ალხაზიშვილი].
264 _aთბ. :
_bმერანი,
_c2004.
300 _a102გვ. ;
_b 20სმ.
500 _aპარალელ. თავფ. ინგლ. ენ.
653 _aამერიკული პოეზია
653 _aთარგმანები ქართულ ენაზე
700 _aალხაზიშვილი, გივი
_eრედაქტორი
_921276
700 _aსამნიაშვილი, ლელა,
_eწინასიტყვაობის ავტორი
_921277
700 _aიათაშვილი, შოთა
_eმთარგმნელი.
_92461
942 _2udc
_cᲬᲘᲒᲜᲘ